000 00555nam a22002177a 4500
003 UA-OsUOA
001 56756
007 ta
008 20081109b un ||||| |||| 00| 0 ukr d
100 _aМиколюк О.
090 _a330
_bМ59
942 _cSA
040 _aUA-OsUOA
_bukr
_cUA-OsUOA
_dUA-OsUOA
245 _aНе криза, а ... перехід до раціональної економії
300 _aС.1,6
955 _a0
041 _aukr
080 _a330
773 0 _w56754
650 7 _a330 Економіка взагалі
_2UDC
999 _c342838
_d342838